000 00474nam a2200181Ia 4500
003 OSt
005 20240702172106.0
008 210210b1953 xxu||||| |||| 00| 0 eng d
040 _cAL
041 _aKannada
082 _a859/626
100 _aTA RA SU
_dತ. ರಾ.ಸು.
_9134992
245 _aTirugu bana 3
_bತಿರುಗು ಬಾಣ -೩
260 _aMaisuru
_bSharada Mandira
_c1953
690 _aKannada Fiction
_9134996
906 _a021481
942 _2ddc
_cBK
999 _c145568
_d145568